000
00199 a2200097 4500
001
10981
100
_a
Herriot, P.
245
_a
Essential Psychology
260
_a
_b
Methuen
_c
090
_c
8549
_d
8549
942
_a
NUST-CAE
_c
M
_c
35321
999
_c
246054
_d
246054